The Effectiveness of Schooling and of Educational Resource Management Country Report: Czecho-Slovakia

Bibliographic Details
Format: Book
Language:English
PhysicalDescription:81 s. Sch., tab., lit. 29 zázn. v angl., češ. a slov. 29 cm
Published: Bratislava Ústav informácií a prognóz školstva 1992
Edition:1st ed.
Subjects:

MARC

LEADER 00000nam a2200000 a 4500
001 vtls001070694
003 SK-MaSNL
005 20260301182954.0
008 250414s1992 xo eng
015 |a SNBA1993/03 
035 |a SNK000013525 
035 |a urn:nbn:sk:snk-amlj20 
035 |a urn:nbn:sk:snk-am00bpfu 
035 |a 7823AC08-2BFE-495C-8D20-28DF675DBEA7 
040 |a SNK  |b slo  |c SNK  |e AACR2 
041 0 |a eng 
044 |a [CS] 
080 |a 371(437)(047.3)=20  |2 1981 
245 0 4 |a The Effectiveness of Schooling and of Educational Resource Management  |b Country Report: Czecho-Slovakia 
250 |a 1st ed. 
260 |a Bratislava  |b Ústav informácií a prognóz školstva  |c 1992 
300 |a 81 s.  |b Sch., tab., lit. 29 zázn. v angl., češ. a slov.  |c 29 cm 
655 7 |a výskumné správy  |2 SNK  |9 70491 
852 |a Slovenská národná knižnica 
958 |a TL 
958 |a NB 
999 |c 855402  |d 857332 
952 |t P60, <04>, [BOOK], {604}  |a SNK  |b SNK  |y VYP  |7 0  |p 17A0139007  |o snkSB 50292 D1  |i snkKSP 9927/92  |0 0  |1 0  |4 0  |d 1998-10-12  |l 0  |r 2004-12-31 00:00:00  |w 2026-02-24 
952 |a SNK  |b SNK  |y PREZ  |7 0  |p 17A0804691  |o snkSB 50292  |0 0  |1 0  |4 0  |d 2012-07-16  |f 1  |l 0  |r 2025-03-07 00:00:00  |w 2026-02-24